Ce que Bolloré possède !! - Mort subite - Statistiques

Statistiques générales
  • Ce quiz a été pris 2 249 fois
  • Le résultat moyen est 4 sur 12
Answers on the Grid
Answers color-coded by a green-red scale on the quiz's grid according to % correct below.
L'ARCOM
Cnews
Canal +
BFMTV
Libération
Médiapart
Europe 1
Cyril Hanouna
Samuel Etienne
Gameloft
Electronic Arts
Fayard
Gallimard
Havas Publicité
JCDecaux
Les droits des Rolling Stones
Le port de Dakar
Le port de Marseille
Gaumont-Pathé
Le palais de l'Elysée
Les boutiques Relay
Marlboro
Le Journal du Dimanche
Les bus électrique de Bruxelles
 
Statistiques - réponses
Réponse % Correct
Cnews
83%
Canal +
78%
Cyril Hanouna
56%
Europe 1
40%
Le Journal du Dimanche
24%
Fayard
18%
Les boutiques Relay
17%
Le port de Dakar
14%
Havas Publicité
13%
Les bus électrique de Bruxelles
7%
Gameloft
6%
Les droits des Rolling Stones
5%
Aucun quiz correspondant
Distribution des résultats
% des personnes avec chaque résultat
Percentile par nombre de réponses
Votre historique - résultats
Vous n’avez pas pris ce quiz